| 000 | 01034cam a2200301 a 4500 | ||
|---|---|---|---|
| 999 |
_c219552 _d219552 |
||
| 001 | 480295 | ||
| 003 | Nust | ||
| 005 | 20170214091801.0 | ||
| 008 | 840925s1985 nyu b 000 1 eng | ||
| 010 | _a 84022378 | ||
| 020 |
_a9780330315838 _c$14.95 |
||
| 040 |
_aDLC _cDLC _dDLC _dOCoLC _dDLC |
||
| 050 | 0 | 0 |
_aPS3557.R13 _bB15 1985 |
| 082 | 0 | 0 |
_a813.54 _bGRA |
| 100 | 1 | _aGrafton, Sue. | |
| 245 | 1 | 0 |
_a"B" is for burglar / _cSue Grafton. |
| 250 | _a1st ed. | ||
| 260 |
_aNew York : _bHolt, Rinehart, and Winston, _c1985. |
||
| 300 |
_a363 p. ; _c21 cm. |
||
| 490 | 1 | _aA Kinsey Millhone mystery | |
| 490 | 0 | _aA Rinehart suspense novel | |
| 650 | 0 |
_aMillhone, Kinsey (Fictitious character) _xFiction. |
|
| 650 | 0 |
_aWomen private investigators _zCalifornia _xFiction. |
|
| 651 | 0 |
_aCalifornia _xFiction. |
|
| 655 | 7 |
_aDetective and mystery stories. _2gsafd |
|
| 800 | 1 |
_aGrafton, Sue. _tKinsey Millhone mysteries. |
|
| 906 |
_a7 _bcbc _corignew _d1 _eocip _f19 _gy-gencatlg |
||
| 942 |
_2ddc _cBK |
||